[Event "18. Obert Int. Sant Marti 2016"]
[Site "Barcelona ESP"]
[Date "2016.07.18"]
[Round "6.61"]
[White "Bernat, Ernest"]
[Black "Tateo, Ida"]
[Result "1-0"]
[WhiteElo "1942"]
[BlackElo "1275"]
[PlyCount "92"]
[EventDate "2016.07.13"]
[EventType "swiss"]
[EventRounds "9"]
[EventCountry "ESP"]
[SourceTitle "Ajedrez en Madrid"]
[Source "lmi"]
[SourceDate "2016.07.13"]
[SourceVersion "1"]
[SourceVersionDate "2019.06.21"]
[SourceQuality "1"]

1. e4 c5 2. Nf3 d6 3. Nc3 Nc6 4. d4 cxd4 5. Nxd4 Nf6 6. Bc4 e6 7. O-O a6 8. Be3
Be7 9. a4 O-O 10. Be2 Qc7 11. Nb3 b6 12. f4 Bb7 13. Bf3 Rac8 14. Qe2 Nb4 15.
Qf2 Bd8 16. Rac1 d5 17. e5 Ne4 18. Bxe4 dxe4 19. Kh1 Bc6 20. Nd4 Bd5 21. Qg3 f5
22. exf6 Bxf6 23. Nxd5 exd5 24. Ne6 Qc6 25. Nxf8 Rxf8 26. c3 Nd3 27. Rb1 Qxa4
28. Bxb6 Qb3 29. Qe3 Nxb2 30. Bd4 Qb5 31. Qc1 Rb8 32. Bxf6 gxf6 33. Rf2 Nd3 34.
Rxb5 Rxb5 35. Qa1 Nxf2+ 36. Kg1 Nd3 37. h3 a5 38. Qd1 f5 39. Qh5 Rb1+ 40. Kh2
e3 41. Qe8+ Kg7 42. Qxe3 Ne1 43. Qe5+ Kg6 44. Qe6+ Kg7 45. Qxd5 Rb2 46. Qe5+
Kg6 1-0

[Event "18. Obert Int. Sant Marti 2016"]
[Site "Barcelona ESP"]
[Date "2016.07.18"]
[Round "6.62"]
[White "Nadal Fajardo, Ricard"]
[Black "Tahay, Romain"]
[Result "0-1"]
[WhiteElo "1900"]
[BlackElo "1942"]
[PlyCount "62"]
[EventDate "2016.07.13"]
[EventType "swiss"]
[EventRounds "9"]
[EventCountry "ESP"]
[SourceTitle "Ajedrez en Madrid"]
[Source "lmi"]
[SourceDate "2016.07.13"]
[SourceVersion "1"]
[SourceVersionDate "2019.06.21"]
[SourceQuality "1"]

1. d4 Nf6 2. Nf3 g6 3. g3 d5 4. Bg2 Bg7 5. O-O c6 6. c4 dxc4 7. Ne5 Ng4 8. Nf3
Nd7 9. h3 Ngf6 10. a4 a5 11. Na3 Nb6 12. Ne5 Be6 13. e3 Qc8 14. Kh2 Nfd7 15.
Nf3 c5 16. Nb5 Bd5 17. Nc3 cxd4 18. Nxd5 Nxd5 19. Nxd4 Nb4 20. e4 O-O 21. Be3
Nc5 22. f4 Rd8 23. e5 Nb3 24. Rb1 Rd7 25. e6 fxe6 26. Qg4 Nxd4 27. Rbd1 Nf5 28.
Bg1 Bxb2 29. Qe2 Rxd1 30. Rxd1 c3 31. g4 c2 0-1

[Event "18. Obert Int. Sant Marti 2016"]
[Site "Barcelona ESP"]
[Date "2016.07.18"]
[Round "6.63"]
[White "Vives Bellber, Tomas"]
[Black "Fernandez Aguilar, Francisco"]
[Result "1-0"]
[WhiteElo "1898"]
[BlackElo "2114"]
[PlyCount "133"]
[EventDate "2016.07.13"]
[EventType "swiss"]
[EventRounds "9"]
[EventCountry "ESP"]
[SourceTitle "Ajedrez en Madrid"]
[Source "lmi"]
[SourceDate "2016.07.13"]
[SourceVersion "1"]
[SourceVersionDate "2019.06.21"]
[SourceQuality "1"]

1. d4 Nf6 2. c4 g6 3. Nc3 Bg7 4. e4 d6 5. Be2 O-O 6. Nf3 Bg4 7. Nd2 Bxe2 8.
Qxe2 Nc6 9. Nb3 Nd7 10. Be3 e5 11. d5 Nd4 12. Qd2 Nxb3 13. axb3 f5 14. f3 Nf6
15. O-O fxe4 16. Nxe4 Nxe4 17. fxe4 Qh4 18. Qd3 a6 19. Rac1 Bh6 20. Qd2 Bxe3+
21. Qxe3 b6 22. b4 a5 23. bxa5 Rxa5 24. Rxf8+ Kxf8 25. Rf1+ Kg7 26. Qf3 Qe7 27.
h4 Ra2 28. Qb3 Ra8 29. Qh3 Rf8 30. Rxf8 Kxf8 31. Qf3+ Kg7 32. g3 Qe8 33. b3 b5
34. Qc3 Qb8 35. cxb5 Kh6 36. Qe3+ Kg7 37. Qc3 Kh6 38. Qe3+ Kg7 39. Qc3 Qa7+ 40.
Kf1 Qb6 41. Qc4 Kh6 42. Qc1+ Kg7 43. Qc4 Kf8 44. Kg2 Ke7 45. b4 Kd8 46. Qf1 Qd4
47. Qf8+ Kd7 48. Qf7+ Kc8 49. Qe8+ Kb7 50. Qc6+ Kb8 51. Qc2 Qxb4 52. Qe2 Kb7
53. Kh3 Kb6 54. Kg4 Qxb5 55. Qe3+ c5 56. dxc6+ Kxc6 57. Kg5 Qc5 58. Qe2 d5 59.
Qa6+ Kc7 60. exd5 e4 61. Qe6 Qd6 62. Qxe4 Qxg3+ 63. Kh6 Qf2 64. Qe7+ Kc8 65. d6
Qd2+ 66. Kxh7 Qc2 67. d7+ 1-0

[Event "18. Obert Int. Sant Marti 2016"]
[Site "Barcelona ESP"]
[Date "2016.07.19"]
[Round "7.1"]
[White "Shyam, Sundar M."]
[Black "Karthikeyan, Murali"]
[Result "1-0"]
[WhiteElo "2526"]
[BlackElo "2513"]
[PlyCount "103"]
[EventDate "2016.07.13"]
[EventType "swiss"]
[EventRounds "9"]
[EventCountry "ESP"]
[SourceTitle "Ajedrez en Madrid"]
[Source "lmi"]
[SourceDate "2016.07.13"]
[SourceVersion "1"]
[SourceVersionDate "2019.06.21"]
[SourceQuality "1"]

1. e4 c5 2. Nf3 d6 3. Bb5+ Bd7 4. c4 Nc6 5. O-O e5 6. d3 g6 7. Nc3 Bg7 8. Nd5
h6 9. a3 Nge7 10. b4 b6 11. bxc5 bxc5 12. Rb1 O-O 13. Ba4 Rb8 14. Rxb8 Nxb8 15.
Bxd7 Nxd7 16. Qa4 Nxd5 17. cxd5 Qc7 18. Bd2 Nb6 19. Ba5 f5 20. Nd2 fxe4 21.
dxe4 Nxa4 22. Bxc7 Rf7 23. Bxd6 Rd7 24. Bb8 Rb7 25. Rb1 Rxb1+ 26. Nxb1 c4 27.
Nd2 c3 28. Nb3 c2 29. Bxa7 Bf8 30. Be3 Bxa3 31. Bxh6 Nc3 32. Kf1 Na2 33. d6
Bxd6 34. Nc1 Bf8 35. Bd2 Nb4 36. Bxb4 Bxb4 37. Ke2 Kf7 38. Kd3 Bc5 39. f3 Bg1
40. h3 g5 41. Kxc2 Ke6 42. Kb3 Be3 43. Nd3 Kd6 44. Kc4 Bg1 45. Kb5 Bd4 46. Nc1
Be3 47. Nb3 Bf2 48. Nd2 Bd4 49. Nf1 Bf2 50. Nh2 Bg3 51. Ng4 Bf4 52. Nh6 1-0

[Event "18. Obert Int. Sant Marti 2016"]
[Site "Barcelona ESP"]
[Date "2016.07.19"]
[Round "7.2"]
[White "Cuartas, Jaime Alexander"]
[Black "Oliva Castaneda, Kevel"]
[Result "0-1"]
[WhiteElo "2455"]
[BlackElo "2493"]
[PlyCount "120"]
[EventDate "2016.07.13"]
[EventType "swiss"]
[EventRounds "9"]
[EventCountry "ESP"]
[SourceTitle "Ajedrez en Madrid"]
[Source "lmi"]
[SourceDate "2016.07.13"]
[SourceVersion "1"]
[SourceVersionDate "2019.06.21"]
[SourceQuality "1"]

1. e4 c5 2. Nf3 e6 3. d4 cxd4 4. Nxd4 Nc6 5. Nc3 Qc7 6. f4 a6 7. Nxc6 Qxc6 8.
Bd3 b5 9. Qe2 Bb7 10. Bd2 Bc5 11. O-O-O Ne7 12. a3 O-O 13. Rhf1 f5 14. g3 Rae8
15. Kb1 d5 16. e5 d4 17. Na2 Nd5 18. c3 dxc3 19. Nxc3 Nxc3+ 20. Bxc3 Bxa3 21.
Rc1 Be7 22. Ba5 Qg2 23. Qxg2 Bxg2 24. Rf2 Bd5 25. Rd2 g5 26. Rc3 g4 27. Bc2 Kh8
28. Rxd5 exd5 29. Rd3 Kg7 30. Rxd5 Kg6 31. Rd7 Bc5 32. Bb3 Re7 33. Rd5 Rc8 34.
Bd8 Rb7 35. Bc2 Bf8 36. e6 Rxc2 37. Kxc2 Be7 38. Ba5 Kf6 39. Bc3+ Kg6 40. Ba5
Kf6 41. Kb3 b4 42. Rd7 Rb5 43. Ka4 Kxe6 44. Ra7 Rb8 45. Rxa6+ Kd5 46. Rh6 b3
47. Rxh7 Bf6 48. Bb4 Bxb2 49. Kxb3 Bd4 50. Rc7 Bg1 51. Rc2 Ke4 52. Re2+ Kf3 53.
Re5 Bxh2 54. Rxf5 Bxg3 55. Kc4 Bf2 56. Rf8 Rxf8 57. Bxf8 g3 58. f5 g2 59. f6
g1=Q 60. f7 Qg6 0-1

[Event "18. Obert Int. Sant Marti 2016"]
[Site "Barcelona ESP"]
[Date "2016.07.19"]
[Round "7.3"]
[White "Himanshu, Sharma"]
[Black "Alvarez Pedraza, Aramis"]
[Result "1-0"]
[WhiteElo "2389"]
[BlackElo "2484"]
[PlyCount "79"]
[EventDate "2016.07.13"]
[EventType "swiss"]
[EventRounds "9"]
[EventCountry "ESP"]
[SourceTitle "Ajedrez en Madrid"]
[Source "lmi"]
[SourceDate "2016.07.13"]
[SourceVersion "1"]
[SourceVersionDate "2019.06.21"]
[SourceQuality "1"]

1. e4 c6 2. d4 d5 3. e5 Bf5 4. Nf3 e6 5. Be2 Ne7 6. O-O h6 7. Nbd2 Nd7 8. Nb3
g5 9. a4 Bg7 10. a5 Qc7 11. Be3 f6 12. exf6 Bxf6 13. Re1 O-O-O 14. Qc1 Ng6 15.
c4 g4 16. Nfd2 h5 17. Nf1 h4 18. a6 b6 19. cxd5 exd5 20. Qd2 Rdg8 21. Rac1 Nb8
22. Rc3 Qh7 23. Bg5 Bxg5 24. Qxg5 Ne5 25. Qf6 Nf3+ 26. Bxf3 gxf3 27. Re7 Qg6
28. Qxg6 Rxg6 29. g3 hxg3 30. fxg3 Bd7 31. Nbd2 Kd8 32. Rf7 Re6 33. Nxf3 Re2
34. Ne5 Ke8 35. Rcf3 Rg8 36. Rh7 c5 37. Rff7 Bb5 38. Rb7 Nxa6 39. Rxa7 Nb8 40.
Ra8 1-0

[Event "18. Obert Int. Sant Marti 2016"]
[Site "Barcelona ESP"]
[Date "2016.07.19"]
[Round "7.4"]
[White "Bachmann, Axel"]
[Black "Asis Gargatagli, Hipolito"]
[Result "1-0"]
[WhiteElo "2649"]
[BlackElo "2504"]
[PlyCount "63"]
[EventDate "2016.07.13"]
[EventType "swiss"]
[EventRounds "9"]
[EventCountry "ESP"]
[SourceTitle "Ajedrez en Madrid"]
[Source "lmi"]
[SourceDate "2016.07.13"]
[SourceVersion "1"]
[SourceVersionDate "2019.06.21"]
[SourceQuality "1"]

1. d4 Nf6 2. Nf3 g6 3. Bg5 Bg7 4. Nbd2 O-O 5. c3 d5 6. e3 Nbd7 7. h3 c6 8. Be2
Ne8 9. O-O f6 10. Bh4 Nd6 11. Bg3 e5 12. c4 Nf5 13. Bh2 exd4 14. exd4 Re8 15.
cxd5 cxd5 16. Bd3 Nb8 17. Rc1 Nc6 18. Nb3 Bh6 19. Rc3 Nd6 20. a3 Ne4 21. Rc2
Qb6 22. Nc5 Nxc5 23. dxc5 Qa5 24. Qa1 a6 25. b4 Qd8 26. Rd1 Qe7 27. Re2 Be6 28.
Bc2 Qf7 29. Bb3 Kh8 30. Bd6 a5 31. b5 a4 32. Rxe6 1-0

[Event "18. Obert Int. Sant Marti 2016"]
[Site "Barcelona ESP"]
[Date "2016.07.19"]
[Round "7.5"]
[White "Arizmendi Martinez, Julen Luis"]
[Black "Peralta, Fernando"]
[Result "1/2-1/2"]
[WhiteElo "2501"]
[BlackElo "2588"]
[PlyCount "35"]
[EventDate "2016.07.13"]
[EventType "swiss"]
[EventRounds "9"]
[EventCountry "ESP"]
[SourceTitle "Ajedrez en Madrid"]
[Source "lmi"]
[SourceDate "2016.07.13"]
[SourceVersion "1"]
[SourceVersionDate "2019.06.21"]
[SourceQuality "1"]

1. e4 c6 2. d4 d5 3. e5 Bf5 4. h4 h6 5. g4 Bd7 6. Nc3 e6 7. Be3 Qb6 8. Na4 Qa5+
9. c3 Qc7 10. f4 h5 11. gxh5 Nh6 12. Nc5 Nf5 13. Bf2 Bc8 14. Nh3 b6 15. Nb3 Ba6
16. Bxa6 Nxa6 17. Qe2 Qb7 18. Ng5 1/2-1/2

[Event "18. Obert Int. Sant Marti 2016"]
[Site "Barcelona ESP"]
[Date "2016.07.19"]
[Round "7.6"]
[White "Gomez Garrido, Camilo Ernesto"]
[Black "Ortiz Suarez, Isan Reynaldo"]
[Result "1/2-1/2"]
[WhiteElo "2541"]
[BlackElo "2580"]
[PlyCount "21"]
[EventDate "2016.07.13"]
[EventType "swiss"]
[EventRounds "9"]
[EventCountry "ESP"]
[SourceTitle "Ajedrez en Madrid"]
[Source "lmi"]
[SourceDate "2016.07.13"]
[SourceVersion "1"]
[SourceVersionDate "2019.06.21"]
[SourceQuality "1"]

1. e4 e5 2. Nf3 Nc6 3. Bb5 Nf6 4. O-O Nxe4 5. d4 Nd6 6. Bxc6 dxc6 7. dxe5 Nf5
8. Qxd8+ Kxd8 9. Nc3 h6 10. Bf4 Bd7 11. Rad1 1/2-1/2

[Event "18. Obert Int. Sant Marti 2016"]
[Site "Barcelona ESP"]
[Date "2016.07.19"]
[Round "7.7"]
[White "Libiszewski, Fabien"]
[Black "Swayams, Mishra"]
[Result "1/2-1/2"]
[WhiteElo "2542"]
[BlackElo "2457"]
[PlyCount "75"]
[EventDate "2016.07.13"]
[EventType "swiss"]
[EventRounds "9"]
[EventCountry "ESP"]
[SourceTitle "Ajedrez en Madrid"]
[Source "lmi"]
[SourceDate "2016.07.13"]
[SourceVersion "1"]
[SourceVersionDate "2019.06.21"]
[SourceQuality "1"]

1. e4 e6 2. d4 d5 3. Nd2 Be7 4. e5 c5 5. c3 Nc6 6. Bd3 Qb6 7. Ndf3 f6 8. Ne2
fxe5 9. Nxe5 cxd4 10. cxd4 Bb4+ 11. Bd2 Nf6 12. Bxb4 Qxb4+ 13. Qd2 Bd7 14. Rc1
Nxe5 15. dxe5 Qxd2+ 16. Kxd2 Ng4 17. f4 Nf2 18. Rhe1 Nxd3 19. Kxd3 Bb5+ 20. Kd4
Bxe2 21. Rxe2 Rf8 22. g3 Rf7 23. Rec2 Rd8 24. a4 h5 25. h4 Rfd7 26. a5 Ke7 27.
Rc5 g6 28. R1c3 Rb8 29. Rb3 Kd8 30. Rc6 Ke7 31. a6 Kf7 32. Rc5 Ke7 33. Rcb5 b6
34. Rc3 Rdd8 35. Rc7+ Rd7 36. Rc6 Rdd8 37. Rc7+ Rd7 38. Rc6 1/2-1/2

[Event "18. Obert Int. Sant Marti 2016"]
[Site "Barcelona ESP"]
[Date "2016.07.19"]
[Round "7.8"]
[White "Vassallo Barroche, Mauricio"]
[Black "Henriquez Villagra, Cristobal"]
[Result "1-0"]
[WhiteElo "2389"]
[BlackElo "2491"]
[PlyCount "121"]
[EventDate "2016.07.13"]
[EventType "swiss"]
[EventRounds "9"]
[EventCountry "ESP"]
[SourceTitle "Ajedrez en Madrid"]
[Source "lmi"]
[SourceDate "2016.07.13"]
[SourceVersion "1"]
[SourceVersionDate "2019.06.21"]
[SourceQuality "1"]

1. d4 Nf6 2. Nf3 e6 3. c4 b6 4. Bf4 Bb7 5. e3 Bb4+ 6. Nfd2 O-O 7. a3 Be7 8. Nc3
c5 9. dxc5 bxc5 10. Qc2 d5 11. cxd5 exd5 12. Bd3 c4 13. Be2 Nc6 14. Rd1 Qb6 15.
O-O Rfd8 16. Nf3 Rac8 17. h3 Na5 18. Nd4 g6 19. Bf3 Ba8 20. Be5 Nd7 21. Bg3 Nf6
22. Be5 Bf8 23. Nde2 Nd7 24. Bd4 Nc5 25. Nf4 Qb3 26. Qe2 Ne6 27. Nfxd5 Nxd4 28.
Rxd4 Bxd5 29. Rxd5 Rxd5 30. Bxd5 Bg7 31. Rc1 Rb8 32. Qf3 Rf8 33. Qe2 Rd8 34. e4
Bd4 35. Rd1 Bxc3 36. bxc3 Rf8 37. Qd2 Qxa3 38. Qe3 Qa4 39. Re1 Nc6 40. Qg5 Qa5
41. Qf6 Nb8 42. Qd4 Nd7 43. Bxc4 Nb6 44. Bd5 Rc8 45. Re3 Qc5 46. Qe5 a5 47. h4
Nxd5 48. exd5 Rd8 49. Rd3 a4 50. h5 Qf8 51. c4 Ra8 52. d6 a3 53. c5 a2 54. Rd1
f6 55. Qd5+ Kg7 56. Ra1 Qb8 57. d7 Qb1+ 58. Qd1 Rb8 59. d8=Q Rxd8 60. Rxb1
axb1=Q 61. Qxb1 1-0

[Event "18. Obert Int. Sant Marti 2016"]
[Site "Barcelona ESP"]
[Date "2016.07.19"]
[Round "7.9"]
[White "Munoz, Miguel"]
[Black "Perpinya Rofes, Lluis Maria"]
[Result "1-0"]
[WhiteElo "2477"]
[BlackElo "2373"]
[PlyCount "81"]
[EventDate "2016.07.13"]
[EventType "swiss"]
[EventRounds "9"]
[EventCountry "ESP"]
[SourceTitle "Ajedrez en Madrid"]
[Source "lmi"]
[SourceDate "2016.07.13"]
[SourceVersion "1"]
[SourceVersionDate "2019.06.21"]
[SourceQuality "1"]

1. e4 g6 2. g3 Bg7 3. Bg2 c5 4. Ne2 Nc6 5. c3 d6 6. d4 cxd4 7. cxd4 Bg4 8. f3
Bd7 9. Be3 Nf6 10. Nbc3 O-O 11. Qd2 e5 12. O-O exd4 13. Nxd4 Nxd4 14. Bxd4 Bc6
15. Rad1 Re8 16. f4 Qa5 17. f5 Ng4 18. Bxg7 Kxg7 19. Qf4 Ne5 20. fxg6 hxg6 21.
Qf6+ Kg8 22. Rxd6 Qb6+ 23. Rf2 Qc7 24. h3 Nc4 25. Rd4 b5 26. Kh2 Re6 27. Qf4
Qxf4 28. gxf4 Rae8 29. b3 Nb6 30. e5 Bxg2 31. Rxg2 a6 32. Ne4 Kg7 33. Nc5 Rc6
34. Nxa6 Rc3 35. Nb4 Rh8 36. Rg3 Rc1 37. f5 Rh5 38. fxg6 Rxe5 39. gxf7+ Kxf7
40. Rf4+ Ke7 41. Rg7+ 1-0

[Event "18. Obert Int. Sant Marti 2016"]
[Site "Barcelona ESP"]
[Date "2016.07.19"]
[Round "7.10"]
[White "Qiu, Mengjie"]
[Black "Ortega Amarelle, Mariano"]
[Result "1-0"]
[WhiteElo "2231"]
[BlackElo "2465"]
[PlyCount "65"]
[EventDate "2016.07.13"]
[EventType "swiss"]
[EventRounds "9"]
[EventCountry "ESP"]
[SourceTitle "Ajedrez en Madrid"]
[Source "lmi"]
[SourceDate "2016.07.13"]
[SourceVersion "1"]
[SourceVersionDate "2019.06.21"]
[SourceQuality "1"]

1. e4 c5 2. Nf3 e6 3. d4 cxd4 4. Nxd4 a6 5. Bd3 g6 6. O-O Bg7 7. Be3 Ne7 8. Nd2
Nbc6 9. c3 O-O 10. Qe2 f5 11. exf5 gxf5 12. Nxc6 bxc6 13. Bg5 Qe8 14. Nc4 Nd5
15. f4 h6 16. Bh4 a5 17. Nd6 Qg6 18. Kh1 Qg4 19. Qf2 Ba6 20. Bxa6 Rxa6 21. Rad1
Rb8 22. Rd3 Qxf4 23. Qxf4 Nxf4 24. Rxf4 Rxb2 25. g4 Rxa2 26. gxf5 Rb6 27. Rf1
Rbb2 28. Bg3 exf5 29. Nxf5 Rd2 30. Rdf3 Bf8 31. Rg1 Bc5 32. Nd4 Bxd4 33. cxd4
1-0

[Event "18. Obert Int. Sant Marti 2016"]
[Site "Barcelona ESP"]
[Date "2016.07.19"]
[Round "7.11"]
[White "Debashis, Das"]
[Black "Uribe Arteaga, Daniel"]
[Result "1-0"]
[WhiteElo "2451"]
[BlackElo "2304"]
[PlyCount "59"]
[EventDate "2016.07.13"]
[EventType "swiss"]
[EventRounds "9"]
[EventCountry "ESP"]
[SourceTitle "Ajedrez en Madrid"]
[Source "lmi"]
[SourceDate "2016.07.13"]
[SourceVersion "1"]
[SourceVersionDate "2019.06.21"]
[SourceQuality "1"]

1. e4 g6 2. d4 Bg7 3. c4 d6 4. Nc3 Nc6 5. Be3 e5 6. d5 Nce7 7. Nf3 f5 8. c5 Nh6
9. Bb5+ Bd7 10. Ng5 c6 11. cxd6 Nc8 12. dxc6 bxc6 13. Ne6 Bxe6 14. Bxc6+ Kf7
15. Bxa8 f4 16. Bc5 Nb6 17. Bd5 Nxd5 18. Nxd5 Qg5 19. O-O Rb8 20. Nc7 Bh3 21.
Qf3 Bg4 22. Qd3 Kg8 23. Qd5+ Kh8 24. Ne6 Qf6 25. Nxg7 f3 26. d7 fxg2 27. Rfd1
Nf7 28. Ne8 Qf4 29. Be3 Qf3 30. Nd6 1-0

[Event "18. Obert Int. Sant Marti 2016"]
[Site "Barcelona ESP"]
[Date "2016.07.19"]
[Round "7.12"]
[White "Sanchez Jerez, Emilio Miguel"]
[Black "Aguero Jimenez, Luis Lazaro"]
[Result "0-1"]
[WhiteElo "2201"]
[BlackElo "2415"]
[PlyCount "118"]
[EventDate "2016.07.13"]
[EventType "swiss"]
[EventRounds "9"]
[EventCountry "ESP"]
[SourceTitle "Ajedrez en Madrid"]
[Source "lmi"]
[SourceDate "2016.07.13"]
[SourceVersion "1"]
[SourceVersionDate "2019.06.21"]
[SourceQuality "1"]

1. e4 c6 2. d4 d5 3. e5 Bf5 4. h4 h5 5. Bd3 Bxd3 6. Qxd3 e6 7. Bg5 Qb6 8. Nd2
Ne7 9. Ngf3 Nf5 10. O-O Qa6 11. c4 Bb4 12. b3 Nd7 13. Rfd1 Nb6 14. a4 Be7 15.
Bxe7 Nxe7 16. Qc2 Nd7 17. b4 b6 18. cxd5 cxd5 19. b5 Qb7 20. Rac1 Rc8 21. Qd3
Nf8 22. Rxc8+ Qxc8 23. Nb3 Nfg6 24. Rc1 Qb8 25. g3 Kd7 26. Kg2 Rc8 27. Rc3 Rxc3
28. Qxc3 f6 29. a5 Qc7 30. Qxc7+ Kxc7 31. a6 Nf5 32. Nc1 fxe5 33. dxe5 Nh6 34.
Nd3 Ng4 35. Nd4 N6xe5 36. Nxe5 Nxe5 37. Nxe6+ Kd6 38. Nxg7 Kc5 39. Nxh5 Kxb5
40. f4 Nf7 41. Kf3 Kc4 42. Ke2 Nh6 43. Kd2 b5 44. Nf6 b4 45. g4 b3 46. h5 d4
47. g5 Nf5 48. Ne4 d3 49. Nc3 Ng3 50. h6 Nf1+ 51. Ke1 Kxc3 52. h7 d2+ 53. Ke2
Kc2 54. h8=Q d1=Q+ 55. Kf2 Nd2 56. Qc8+ Kb1 57. g6 Qf3+ 58. Ke1 Qe3+ 59. Kd1
Ne4 0-1

[Event "18. Obert Int. Sant Marti 2016"]
[Site "Barcelona ESP"]
[Date "2016.07.19"]
[Round "7.13"]
[White "Valdes Romero, Leonardo"]
[Black "Lan, Zilun"]
[Result "1/2-1/2"]
[WhiteElo "2411"]
[BlackElo "2250"]
[PlyCount "44"]
[EventDate "2016.07.13"]
[EventType "swiss"]
[EventRounds "9"]
[EventCountry "ESP"]
[SourceTitle "Ajedrez en Madrid"]
[Source "lmi"]
[SourceDate "2016.07.13"]
[SourceVersion "1"]
[SourceVersionDate "2019.06.21"]
[SourceQuality "1"]

1. Nf3 Nf6 2. g3 g6 3. Bg2 Bg7 4. c4 O-O 5. O-O c5 6. Nc3 Nc6 7. d4 d6 8. dxc5
dxc5 9. Bf4 Be6 10. Ne5 Na5 11. Qa4 Nd7 12. Nxd7 Bxd7 13. Qc2 Bf5 14. Qc1 Nc6
15. Bxc6 bxc6 16. Bh6 Bxh6 17. Qxh6 Qd4 18. Rfc1 Qxc4 19. Qe3 Qb4 20. Qxe7 Rfe8
21. Qd6 Qxb2 22. Qxc5 Qb6 1/2-1/2

[Event "18. Obert Int. Sant Marti 2016"]
[Site "Barcelona ESP"]
[Date "2016.07.19"]
[Round "7.14"]
[White "Anurag, Mhamal"]
[Black "Coll Ortega, Jordi"]
[Result "1-0"]
[WhiteElo "2392"]
[BlackElo "2243"]
[PlyCount "57"]
[EventDate "2016.07.13"]
[EventType "swiss"]
[EventRounds "9"]
[EventCountry "ESP"]
[SourceTitle "Ajedrez en Madrid"]
[Source "lmi"]
[SourceDate "2016.07.13"]
[SourceVersion "1"]
[SourceVersionDate "2019.06.21"]
[SourceQuality "1"]

1. e4 c5 2. Nf3 e6 3. g3 Nc6 4. Bg2 Nf6 5. Qe2 d5 6. exd5 Nxd5 7. O-O Be7 8.
Rd1 Bf6 9. Nc3 O-O 10. Ne4 Be7 11. d4 cxd4 12. Nxd4 Nxd4 13. Rxd4 Nf4 14. Nf6+
Bxf6 15. Rxf4 e5 16. Rb4 Rb8 17. Be3 Qa5 18. Rb3 b6 19. Bd2 Qa4 20. Bc3 Bg4 21.
Qe3 Rfe8 22. Be4 Be7 23. Bxe5 Bc5 24. Qf4 Rxe5 25. Bxh7+ Kxh7 26. Qxa4 Bh5 27.
Qh4 Kg8 28. g4 Bg6 29. Rh3 1-0

[Event "18. Obert Int. Sant Marti 2016"]
[Site "Barcelona ESP"]
[Date "2016.07.19"]
[Round "7.15"]
[White "Meneses Gonzalez, Kevin Moises"]
[Black "Yogit, S."]
[Result "1/2-1/2"]
[WhiteElo "2379"]
[BlackElo "2197"]
[PlyCount "97"]
[EventDate "2016.07.13"]
[EventType "swiss"]
[EventRounds "9"]
[EventCountry "ESP"]
[SourceTitle "Ajedrez en Madrid"]
[Source "lmi"]
[SourceDate "2016.07.13"]
[SourceVersion "1"]
[SourceVersionDate "2019.06.21"]
[SourceQuality "1"]

1. e4 e5 2. Nf3 Nc6 3. Bb5 a6 4. Ba4 Nf6 5. O-O Be7 6. Re1 b5 7. Bb3 d6 8. c3
O-O 9. h3 Bb7 10. d4 Re8 11. Nbd2 Bf8 12. d5 Nb8 13. Nf1 Nbd7 14. N3h2 Nc5 15.
Bc2 c6 16. b4 Ncd7 17. dxc6 Bxc6 18. Bg5 Qc7 19. Qf3 d5 20. exd5 Bxd5 21. Qg3
Rac8 22. Bd2 Qc6 23. Ne3 Be4 24. Nhg4 g6 25. Bb3 h5 26. Nxf6+ Nxf6 27. c4 Bh6
28. cxb5 axb5 29. Rac1 Qd6 30. Nf1 Bxd2 31. Rcd1 Qxb4 32. Nxd2 Bc2 33. Bxc2
Rxc2 34. Nf3 e4 35. Qf4 Kg7 36. Nd4 Rc5 37. Qd6 Rec8 38. Ne6+ fxe6 39. Qe7+ Kh6
40. Qxf6 Rf5 41. Qxe6 Qc5 42. Kh1 Rxf2 43. Qxe4 Qg5 44. Rd5 Re8 45. Rxg5 Rxe4
46. Rxe4 Kxg5 47. Re5+ Kf4 48. Rxb5 Rxa2 49. Kh2 1/2-1/2

[Event "18. Obert Int. Sant Marti 2016"]
[Site "Barcelona ESP"]
[Date "2016.07.19"]
[Round "7.16"]
[White "Chernyak, Viktoria"]
[Black "Rathanvel, V S."]
[Result "1/2-1/2"]
[WhiteElo "2186"]
[BlackElo "2374"]
[PlyCount "56"]
[EventDate "2016.07.13"]
[EventType "swiss"]
[EventRounds "9"]
[EventCountry "ESP"]
[SourceTitle "Ajedrez en Madrid"]
[Source "lmi"]
[SourceDate "2016.07.13"]
[SourceVersion "1"]
[SourceVersionDate "2019.06.21"]
[SourceQuality "1"]

1. Nf3 c5 2. g3 Nc6 3. c4 e5 4. Nc3 g6 5. Bg2 Bg7 6. O-O Nge7 7. d3 O-O 8. Ne1
d6 9. Nc2 Be6 10. Ne3 Rb8 11. Rb1 a6 12. b3 Qd7 13. Ncd5 b5 14. Bb2 f5 15. f4
h6 16. Kh1 b4 17. Qd2 Kh7 18. Rbc1 a5 19. Rb1 Qa7 20. Nxe7 Nxe7 21. fxe5 dxe5
22. Nd5 Qd7 23. e4 Nc6 24. Rbe1 Nd4 25. Bxd4 exd4 26. Qe2 fxe4 27. Bxe4 Bg4 28.
Qd2 Rxf1+ 1/2-1/2

[Event "18. Obert Int. Sant Marti 2016"]
[Site "Barcelona ESP"]
[Date "2016.07.19"]
[Round "7.17"]
[White "Narciso Dublan, Marc"]
[Black "Martorell Aguado, Joan"]
[Result "1-0"]
[WhiteElo "2504"]
[BlackElo "2219"]
[PlyCount "121"]
[EventDate "2016.07.13"]
[EventType "swiss"]
[EventRounds "9"]
[EventCountry "ESP"]
[SourceTitle "Ajedrez en Madrid"]
[Source "lmi"]
[SourceDate "2016.07.13"]
[SourceVersion "1"]
[SourceVersionDate "2019.06.21"]
[SourceQuality "1"]

1. e4 c5 2. Nf3 d6 3. Bb5+ Nc6 4. O-O Bd7 5. Re1 a6 6. Bxc6 bxc6 7. e5 d5 8. b3
e6 9. c4 d4 10. d3 f5 11. exf6 Nxf6 12. Bg5 Bd6 13. Nbd2 Qc7 14. Bh4 O-O 15.
Bg3 Rae8 16. Bxd6 Qxd6 17. Ne5 Re7 18. Nf1 Be8 19. Ng3 a5 20. Qe2 Ra7 21. Nf3
Bf7 22. Ng5 Re8 23. Nxf7 Kxf7 24. Ne4 Nxe4 25. Qh5+ Kf8 26. Rxe4 g6 27. Qh6+
Kg8 28. h4 Qf8 29. Qg5 a4 30. Rae1 axb3 31. axb3 Rf7 32. Qg3 Rf6 33. h5 Qh6 34.
hxg6 hxg6 35. Rg4 Ref8 36. f3 Kg7 37. Rg5 Rf5 38. Rxf5 Rxf5 39. Qc7+ Rf7 40.
Qe5+ Rf6 41. Ra1 Qe3+ 42. Qxe3 dxe3 43. Kf1 Rf7 44. Ra6 Rb7 45. Rxc6 Rxb3 46.
Ke2 Kf6 47. Kxe3 Rb1 48. Rxc5 Re1+ 49. Kf2 Rd1 50. Ke2 Rg1 51. g4 g5 52. d4 Ra1
53. Rc6 Ke7 54. Rc7+ Kf6 55. c5 Ra2+ 56. Ke3 Ra3+ 57. Ke4 Ra4 58. c6 e5 59. Rd7
Ke6 60. Rd8 exd4 61. c7 1-0